000 00607nam a22002057a 4500
999 _c776
_d776
001 14354
003 BD-DhUAP
005 20200127164021.0
008 200127s2009 ii ||||| |||| 001 0 eng d
040 _aBD-DhUAP
_bEng
_cBD-DhUAP
_dBD-DhUAP
082 _223
_a345.020954082 DEW
100 _aDewan, Vijay Kumar.
245 _aLaw relating to offences against women /
_cVijay Kumar Dewan.
250 _a3rd rev. ed.
260 _aNew Delhi :
_bAsia Law House,
_c2009.
300 _a844 pages ;
_c25 cm.
500 _aIncludes index.
650 _aWomen
_v Legal status, laws, etc
_zIndia.
942 _2ddc
_cBK